Best Selling Albums of the Decade (UK) - Statistics

General Stats
  • This quiz has been taken 94 times
  • The average score is 4 of 12
Answer Stats
Decade Answer % Correct
1960's The Beatles
95%
2010's Adele
57%
2010's 21
51%
1990's Oasis
49%
1990's What's the Story, Morning Glory
37%
1960's Sgt Pepper's Lonely Hearts Club Band
35%
1980's Dire Straits
23%
1980's Brothers in Arms
20%
1970's Bridge Over Troubled Water
10%
2000's James Blunt
10%
1970's Simon & Garfunkel
10%
2000's Back to Bedlam
7%
No matching quizzes found
Score Distribution
Percent of People with Each Score
Percentile by Number Answered
Your Score History
You have not taken this quiz